01123 a2200193 4500003000500000005001700005010001700022020004000039040000900079082001500088100001900103245003800122260006000160300003400220505047600254650003500730856008800765856007600853Nust20220802172359.0 a 2004005695 a0124909515 (casebound : alk. paper) cNust00a621.36,MEN1 aMenn, Naftaly.10aPractical optics /cNaftaly Menn. aAmsterdam ;aBoston :bElsevier Academic Press,cc2004. axii, 321 p. :bill. ;c24 cm. aGeometrical Optics In The Paraxial Area (Page-1), Theory Of Imaging (Page-41), Sources Of Light And Illumination Systems (Page-95), Detectors Of Light (Page-129), Optical Systems For Spectral Measurements (Page-159), Non-Contact Measurement Of Temperature (Page-209), Optical Scanners And Acousto-Optics (Page-229), Optical Systems For Distance And Size Measurements (Page-251), Optical Systems For Flow Parameter Measurement (Page-269), Color And Measurement (Page-293). 0aTelecommunication Engineering.413Publisher descriptionuhttp://www.loc.gov/catdir/description/els051/2004005695.html413Table of contentsuhttp://www.loc.gov/catdir/toc/els051/2004005695.html